Els coloms en l'àmbit urbà
Descripción Física:
1 díptic ; il. col. ; 21 x 10 cm
Idioma:
Catalán
MARC
| LEADER | 00000nam a22000007a 4500 | ||
|---|---|---|---|
| 001 | 29321 | ||
| 003 | AGDB | ||
| 005 | 20260324181546.0 | ||
| 008 | 260204b spa||||| |||| 00| 0 cat d | ||
| 017 | |a B 18343-2025 | ||
| 040 | |a agdb |b cat | ||
| 245 | |a Els coloms en l'àmbit urbà | ||
| 260 | |a Barcelona : |b Diputació de Barcelona ; |c 2025 | ||
| 300 | |a 1 díptic ; |b il. col. ; |c 21 x 10 cm | ||
| 650 | 0 | |a Coloms |x Control biològic |z Arenys de Mar (Catalunya) | |
| 655 | 0 | |a Fulletons |9 55858 | |
| 710 | |a Barcelona (Catalunya : Província). |b Àrea de Comerç, Consum i Salut Pública |9 71966 | ||
| 710 | 1 | |a Arenys de Mar (Catalunya). |b Ajuntament |9 52782 | |
| 942 | |2 udc |c ARXIU |n 1 | ||
| 952 | |0 0 |1 0 |2 udc |4 0 |6 FU7910 |7 1 |9 99073 |a Arxiu |b Arxiu |d 2026-02-04 |l 0 |o FU-79-10 |p 29321 |r 2026-02-04 10:57:43 |w 2026-02-04 |y ARXIU | ||
| 999 | |c 130727 |d 130727 | ||